Perfektstämme II (1-14) - unregelmäßig - Statistiken

Allgemein
  • Dieses Quiz wurde 155 mal gespielt
  • Das Durchschnittsergebnis liegt bei 30 aus 50
Antwortstatistiken
Infinitiv Perfekt % Korrekt
bibere bibi
79%
ascendere ascendi
76%
committere commisi
75%
legere legi
75%
facere feci
74%
accipere accepi
72%
adiuvare adiuvi
72%
amittere amisi
71%
capere cepi
71%
dare dedi
71%
fugere fugi
70%
esse fui
70%
invenire inveni
70%
dicere dixi
68%
ducere duxi
68%
mittere misi
68%
conficere confeci
67%
venire veni
67%
videre vidi
67%
iuvare iuvi
66%
vincere vici
66%
contendere contendi
64%
interficere interfeci
63%
neglegere neglexi
63%
constituere constitui
61%
intellegere intellexi
61%
conspicere conspexi
58%
stare steti
58%
respondere respondi
57%
coniungere coniunxi
55%
occidere occidi
55%
petere petivi
55%
solvere solvi
55%
cupere cupivi
54%
ludere lusi
54%
delere delevi
53%
manere mansi
49%
posse potui
49%
ridere risi
49%
quaerere quaesivi
47%
rapere rapui
47%
relinquere reliqui
47%
expellere expuli
46%
reddere reddidi
46%
cadere cecidi
43%
resistere restiti
42%
tangere tetigi
42%
audere ausus sum
38%
gaudere gavisus sum
34%
solere solitus sum
32%
Keine übereinstimmenden Quizze gefunden
Verteilung der Resultate
Anzahl Personen mit jedem Resultat
Perzentil nach korrekt beantworteten Fragen
Ihre Resultats-Entwicklung
Sie haben dieses Quiz noch nicht gespielt